The Club In The Crumbling Ball (Record no. 8866)

MARC details
000 -LEADER
fixed length control field 01133nam a22002177a 4500
003 - CONTROL NUMBER IDENTIFIER
control field OSt
005 - DATE AND TIME OF LATEST TRANSACTION
control field 20260310063506.0
008 - FIXED-LENGTH DATA ELEMENTS--GENERAL INFORMATION
fixed length control field 260310b |||||||| |||| 00| 0 eng d
020 ## - INTERNATIONAL STANDARD BOOK NUMBER
International Standard Book Number 044809522X
040 ## - CATALOGING SOURCE
Original cataloging agency DWCL GS lib
Transcribing agency OC
082 ## - DEWEY DECIMAL CLASSIFICATION NUMBER
Classification number Fic. K26c 1973
100 ## - MAIN ENTRY--PERSONAL NAME
Personal name Keene Carolyn
245 ## - TITLE STATEMENT
Title The Club In The Crumbling Ball
Statement of responsibility, etc. Carolyn Keene
260 ## - PUBLICATION, DISTRIBUTION, ETC.
Place of publication, distribution, etc. New York
Name of publisher, distributor, etc. Carolyn Keene
Date of publication, distribution, etc. 1945
300 ## - PHYSICAL DESCRIPTION
Extent Extent- vii, 181
Other physical details illustrations ;
Dimensions 20cm
520 ## - SUMMARY, ETC.
Summary, etc. is the 22nd volume in the Nancy Drew Mystery Stories series by Carolyn Keene. The plot follows Nancy, along with her friends Bess and George, as they attempt to solve the mystery of a missing dancer, Juliana Johnson, who is set to inherit a large fortune.
650 ## - SUBJECT ADDED ENTRY--TOPICAL TERM
Topical term or geographic name entry element investigate a mystery at the crumbling Heath Castle. The plot involves rescuing a missing dancer, discovering a hidden inheritance, and stopping men who are destroying the mansion's walls.
650 ## - SUBJECT ADDED ENTRY--TOPICAL TERM
Topical term or geographic name entry element revolve around the triumph of honesty over greed, the importance of helping those in need, and the value of persistence in the face of danger.
700 ## - ADDED ENTRY--PERSONAL NAME
Personal name Carolyn Keene
942 ## - ADDED ENTRY ELEMENTS (KOHA)
Source of classification or shelving scheme Dewey Decimal Classification
Koha item type Fiction
Suppress in OPAC No

No items available.